Catholic University of Zimbabwe Library
Online Public Access Catalogue
(OPAC)

Lack of discretion of judgment because of schizophrenia : (Record no. 44940)

MARC details
000 -LEADER
fixed length control field 00930cam a2200265 a 4500
001 - CONTROL NUMBER
control field 525289
008 - FIXED-LENGTH DATA ELEMENTS--GENERAL INFORMATION
fixed length control field 890324s1986 it b 000 0 eng
010 ## - LIBRARY OF CONGRESS CONTROL NUMBER
LC control number 86187858
040 ## - CATALOGING SOURCE
Original cataloging agency DLC
Transcribing agency CUZ
Modifying agency CUZ
Language of cataloging eng
Description conventions rda
050 00 - LIBRARY OF CONGRESS CALL NUMBER
Classification number KBU3134.5
Item number BUR
100 1# - MAIN ENTRY--PERSONAL NAME
Personal name Burke, Raymond L.
245 10 - TITLE STATEMENT
Title Lack of discretion of judgment because of schizophrenia :
Remainder of title doctrine and recent rotal jurisprudence /
Statement of responsibility, etc. Raymond L. Burke.
264 ## - PRODUCTION, PUBLICATION, DISTRIBUTION, MANUFACTURE, AND COPYRIGHT NOTICE
Place of production, publication, distribution, manufacture Roma :
Name of producer, publisher, distributor, manufacturer Pontificia Università Gregoriana,
Date of production, publication, distribution, manufacture, or copyright notice 1986.
300 ## - PHYSICAL DESCRIPTION
Extent 254 pages. ;
Dimensions 23 cm.
490 1# - SERIES STATEMENT
Series statement Analecta Gregoriana ;
Volume/sequential designation volume. 237.
Series statement Series Facultatis Iuris Canonici, Sectio B ;
Volume/sequential designation n. 47
650 #0 - SUBJECT ADDED ENTRY--TOPICAL TERM
Topical term or geographic name entry element Impediments to marriage (Canon law)
650 #0 - SUBJECT ADDED ENTRY--TOPICAL TERM
Topical term or geographic name entry element Insanity (Canon law)
650 #0 - SUBJECT ADDED ENTRY--TOPICAL TERM
Topical term or geographic name entry element Marriage
650 #0 - SUBJECT ADDED ENTRY--TOPICAL TERM
Topical term or geographic name entry element Schizophrenia.
942 ## - ADDED ENTRY ELEMENTS (KOHA)
Koha item type OS Book
336 ## - CONTENT TYPE
Content type term text
Content type code txt
337 ## - MEDIA TYPE
Media type term unmediated
Media type code n
338 ## - CARRIER TYPE
Source rdacarrier
Holdings
Withdrawn status Lost status Source of classification or shelving scheme Damaged status Not for loan Home library Current library Date acquired Inventory number Total Checkouts Full call number Barcode Date last seen Price effective from Koha item type
          CUZ Harare Campus CUZ Harare Campus 18.10.2023 CUZ15939   KBU3134.5 BUR BK009883 18.10.2023 18.10.2023 OS Book

OPENING HOURS

Weekdays: 0815hrs - 1800hrs
Weekends:0900hrs - 1200hrs

Closed for Mass:

Mon, Thur: 1200hrs - 1300hrs
Sunday & Public Holiday’s

CALL SUPPORT

0242-570570, 0242-570169
09200664, +263 8644140602

LOCATION

18443, Cranborne Avenue, Hatfield, Harare

Other Links


©2021 | CUZ Library